000 00827cam a22002657a 4500
003 CHAP
005 20220329141542.0
008 971013s1968 r 00010 d
010 _a70034
011 _a71006
035 _a80560
040 _cCHAP
082 _a636.08554
_bC6
110 _aComisión Nacional Consultiva de Pesca. México
_925759
245 1 3 _aLa industria de la harina de pescado en México
_b: Documentos de la reunión efectuada...
260 _aMéxico, D. F. :
_bLa Comisión,
_c1968
300 _a203 p.
_b: ilus.
500 _aD19-67
590 _aBATCH-UPD
_b10
_c20130110
_lUCH01
_h2116
590 _aCONVERSION
_b10
_c20130109
_lUCH01
_h1338
650 1 4 _aHarina de pescado.
_952722
901 _aBK
942 _cLIBRO
949 _a636.08554 C6
_bBC
_cLIBRO
_d33724000275160
_eLIBRO
_h12270
_i80560
_si
999 _c70034
_d70034